| 000 | 01259nam a2200301 a 4500 | ||
|---|---|---|---|
| 001 | 26485 | ||
| 003 | CO-ViMGA | ||
| 008 | 141112s2004 ck r 000 u spa d | ||
| 020 | _a9789588654874 | ||
| 040 |
_aCO-ViMGA _bspa _cCO-ViMGA |
||
| 041 | _aSPA | ||
| 090 | _aN BAR5 | ||
| 100 | 1 |
_aBarrie, James Matthew, 1860 - 1937 _941364 |
|
| 245 | 1 | 0 |
_aPeter Pan / _cJ. M. Barrie ; edición de Ana Belén Ramos ; traducción de Ana Belén Ramos y Javier Fernández |
| 250 | _a1a ed. | ||
| 260 |
_aBogotá : _bCátedra, _c2014 |
||
| 300 | _a470 p. | ||
| 490 | _aLetras universales | ||
| 500 | _aTitulo original : Peter and Wendy, Peter Pan or the Boy who would not grow up, when Wendy grew up, Peter Pan in Kensington gardens, The boy castaways. Incluye introducción J.M Barrie. Vida y obra. Incluye bibliografía. | ||
| 650 | 1 | 4 |
_aBARRIE, JAMES M., 1860 - 1937 - CRITICA E INTERPRETACION _941365 |
| 650 | 1 | 4 |
_aDESDE LOS 15 AÑOS _91079 |
| 650 | 1 | 4 |
_aLITERATURA JUVENIL INGLESA - SIGLO XX _941366 |
| 650 | 1 | 4 |
_aMUNDOS FANTASTICOS - NOVELA _941367 |
| 650 | 1 | 4 |
_aNOVELA JUVENIL INGLESA - SIGLO XX _941368 |
| 650 | 1 | 4 |
_aPERSONAJES FANTASTICOS - NOVELA _941369 |
| 700 | 1 |
_aRamos Guerrero, Ana Belén Fernández Sánchez, Javier _941370 |
|
| 942 |
_2ddc _cBK |
||
| 999 |
_c2449 _d2449 |
||